000 01106nmc a2200361 a 4500
003 AR-BaBNM
005 20251128211639.0
008 115020s1970 ||||||||||||||000 | spa||
040 _cAR-BaBNM
100 1 _aJohnson, Harold T.
245 1 0 _aCurrículum y educación
250 _a1ª ed.
260 _aBarcelona
_bEditorial Paidós
_c1970
300 0 _a180 p.
490 0 _aBiblioteca del Educador Contemporáneo
_vv. 106
500 0 _aContiene referencias bibliográficas
500 0 _aContiene apéndice
500 0 _aContiene glosario
650 4 _aCURRICULO
650 4 _aTEORIAS DE LA EDUCACION
650 4 _aHISTORIA DE LA EDUCACION
650 4 _aFILOSOFIA DE LA EDUCACION
650 4 _aPSICOLOGIA DE LA EDUCACION
650 4 _aSOCIOLOGIA DE LA EDUCACION
650 4 _aORGANIZACION DE LA EDUCACION
650 4 _aPLANIFICACION DEL PLAN DE ESTUDIOS
650 4 _aACTIVIDADES DE APRENDIZAJE
653 0 _aCONTENIDOS CURRICULARES
800 1 _aRomero Brest, Gilda Lamarque de
_edirector
800 1 _aBernstein, Jaime
_edirector
942 _cBK
998 _cmaria eugenia
999 _c20578
_d20578